00656nam a2200169 a 450000100100000000500170001000800410002702000150006804000250008308200150010810000460012324500730016926000710024230000430031395201130035699900170046900004079620201002034403.0130906s2006 sp abc 000 0 spa d a8489127786 aDO-SdBNPbspacBNPHU axxxbM385p1 aMartínez Cutillas, Pedro,d1931-96721810aPanamá colonial :bhistoria e imagen /cPedro Martínez Cutillas. aPanama ; Madrid :bEdiciones Bilbao ; Ediciones San Marcos,c2006. a637 p. :bil., mapas, retrs. ;c32 cm. 001050718MOaGRbGRcCTd2013-09-06iLF1l0oxxx M385pp40796-10r2020-06-25w2020-06-25y1ZNo se presta c40286d40286